| 000 | 00408cam a22001337a 4500 | ||
|---|---|---|---|
| 008 | 180718b1981 xxu||||| |||| 00| 0 eng d | ||
| 082 | _aK23x5431 K151/3 | ||
| 100 | _aJammu and Kashmir. Pay Commission | ||
| 245 | _aReport of the Third Pay Commission 1979-1981, Jammu and Kashmir | ||
| 260 |
_aSrinagar _bThe author _c1981 |
||
| 300 | _a3v. | ||
| 500 | _aChairman: J.N. Bhat | ||
| 700 | _aBhat, J.N. (Chairman) | ||
| 999 |
_c489319 _d489319 |
||